| 000 | 00896nam a2200229Ii 4500 | ||
|---|---|---|---|
| 003 | JO-AjNU | ||
| 008 | 230605s9999||||xx |||||||||||||| ||und|| | ||
| 017 | _a1999/2704 | ||
| 020 | _a977-02-271-2-7 | ||
| 040 |
_aJO-AjNU _bara _erda _cJO-AjNU |
||
| 041 | _aara | ||
| 050 | 1 | 4 | _aDS36.7.A27 1999 |
| 100 | 3 |
_aابي الفداء، عماد الدين اسماعيل ابن علي؛ تحقيق عزب، محمد زينهم محمد؛ تقديم مؤنس، حسين, _eauthor _916572 |
|
| 245 | 0 | 0 | _aالمختصر في أخبار البشر، الجزء الثالث |
| 264 | 3 | 1 | _aالقاهرة: دار المعارف، 1999 |
| 300 | _aج3، 271ص | ||
| 336 |
_atext _btxt _2rdacontent |
||
| 337 |
_aunmediated _bn _2rdamedia |
||
| 338 |
_avolume _bnc _2rdacarrier |
||
| 490 | 0 | _aذخائؤ العرب؛ 69 | |
| 650 | 4 |
_aصليبون ، عرب- تاريخ، ايبوبيون -تاريخ _916573 |
|
| 999 |
_aA4943 _c8511 _d8511 |
||